banner koha

Flora das cangas da Serra dos Carajás, Pará, Brasil: Leucobryaceae (Registro n. 331991)

MARC details
000 -LÍDER
fixed length control field 01921nab a2200253 i 4500
003 - CÓDIGO MARC DA AGÊNCIA CATALOGADORA
Campo de controle BR-BrBNA
005 - DATA E HORA DA ÚLTIMA ATUALIZAÇÃO
Campo de controle 20250610111844.0
008 - CAMPO DE TAMANHO FIXO
fixed length control field 250610b2018 bl.qr|pooa||| 00| 0 por |
040 ## - FONTE DA CATALOGAÇÃO
Agência catalogadora BR-BrBNA
Idioma da catalogação por
072 ## - CATEGORIA AGRIS
Código AGRIS F70
100 ## - ENTRADA PRINCIPAL - NOME PESSOAL
Nome pessoal Oliveira-da-Silva, Fúvio Rubens
100 ## - ENTRADA PRINCIPAL - NOME PESSOAL
Nome pessoal Ramalho, Aline Joseph
100 ## - ENTRADA PRINCIPAL - NOME PESSOAL
Nome pessoal Ilkiu-Borges, Anna Luiza
245 ## - TÍTULO PRINCIPAL
Título principal Flora das cangas da Serra dos Carajás, Pará, Brasil: Leucobryaceae
500 ## - NOTA GERAL
Nota geral Publicação on-line; 11 ref.; 5 illus.; Summaries (En, Pt)
942 ## - ADDED ENTRY ELEMENTS (KOHA)
Koha item type Analítica
520 ## - NOTA DE RESUMO
Nota de conteúdo <br/><br/>Resumo<br/>Este estudo apresenta um tratamento taxonômico com descrições, ilustrações e comentários morfológicos<br/>de Leucobryaceae das áreas de canga na Serra dos Carajás, estado do Pará, para onde foram identificados<br/>os gêneros Campylopus (5 spp.), Leucobryum (2 spp.) e Ochrobryum (1 spp.). Campylopus tallulensis é um<br/>novo registro para o Brasil e Campylopus heterostachys é citado pela primeira vez para o estado do Pará.<br/><br/>Palavras-chave: FLONA Carajás, musgos, brioflora, taxonomia.<br/><br/><br/><br/>Abstract<br/><br/>This study presents a taxonomic treatment with descriptions, illustrations, and morphological comments of<br/>Leucobryaceae in the areas of canga in the Serra dos Carajás, Pará state, where the genera Campylopus (5<br/>spp.), Leucobryum (2 spp.), and Ochrobryum (1 spp.) were recorded. Campylopus tallulensis is a new record<br/>for Brazil and Campylopus heterostachys is newly referred for the state of Pará.<br/><br/>Key words: FLONA Carajás, mosses, bryoflora, taxonomy
650 ## - ASSUNTO - THESAGRO
Cabeçalho tópico ou nome geográfico CARAJÁS
650 ## - ASSUNTO - THESAGRO
Cabeçalho tópico ou nome geográfico MUSGO
650 ## - ASSUNTO - THESAGRO
Cabeçalho tópico ou nome geográfico TAXONOMIA
773 0# - ENTRADA ANALÍTICA
Host Biblionumber 709
Registro do item 350966
Imprenta Rio de Janeiro-RJ Jardim Botanico do Rio de Janeiro 1935
Outro identificador 2025-3590
Título Rodriguésia (Brazil)
ISSN 0370-6583; 2175-7860 on-line
Colação v. 69(3) p. 1013-1024; (2018)
Número de controle de registro BR2025003100
856 ## - ACESSO E ENDEREÇO ELETRÔNICO
Identificador uniforme de recurso - URI https://www.scielo.br/j/rod/a/XBN3qHfx6Mv85DxYCdMsy3s/?format=pdf&lang=pt

Nenhum exemplar disponível.

BINAGRI

Telefone: (61)3218-2567/2388/3357/2097 - binagri@agro.gov.br

Ministério da Agricultura e Pecuária , Esplanada dos Ministérios, Bloco D, Anexo B, Brasília/DF, CEP: 70.043-900